=LDR 00000nam 2200000 4500 =001 INLIS000000000054574 =005 20200213023503 =035 ##$$a 0010-0220000136 =007 ta =008 200213###########################0#ind## =020 ##$$a 978-979-055-537-2 =082 ##$$a 297.73 =084 ##$$a 297.73 Sri b =245 1#$$a Buah dan sayuran yanng disebut dalam Al-Qur'an /$c Sri Al Hidayati =300 ##$$a iii, 29 halaman : $b Ilustrasi ; $c 27 Cm. =650 #4$$a Pendidikan Islam =700 #$$a Editor: Abdul Wahab =264 ##$$a Bandung :$b Sigma Kaya Imaji,$c 2018 =336 ##$$a teks$2 rdacontent =337 ##$$a lain-lain$2 rdamedia =338 ##$$a lain-lain$2 rdacarrier =990 ##$$a 09860986 =990 ##$$a 09860986 =990 ##$$a 320200986 =990 ##$$a 3202000987